000
00318nam a2200133Ia 4500
100
_a
Rangan/C.S
650
_a
INSTRUMENTATION
942
_c
BK
245
_a
Instrumentation Devices and systems
260
_b
Tata Mc Graw hill Ltd.
_a
New Delhi
_c
1983
082
_a
620.0028/RAN
_b
RAN
546
_a
ENGLISH
999
_c
30945
_d
30945